000 00650nam a2200205Ia 4500
003 GCL
008 140319s9999 xx 000 0 ara d
040 _aGCL /
_cGCL
082 0 4 _a891.7
_bج ح
100 1 _aعبدالحليم البشلاوى
245 1 0 _aالحضيض : مسرحية فى اربعة فصول /
_cعبدالحليم البشلاوى
700 1 _aجوركى، ماكسيم
300 _a169 ص
490 _a
650 0 4 _aالادب الروسى
650 0 4 _aالمسرحيات الروسية
650 0 4 _aالادب الروسى المترجم
650 0 4 _aالادب العالمى المترجم
942 _2ddc
_cBK
999 _c40018
_d40018